| 000 | 00517cam a22001815a 4500 | ||
|---|---|---|---|
| 020 | _a9780078036866 (pbk. : acidfree paper) | ||
| 020 | _a0078036860 (pbk. : acidfree paper) | ||
| 040 | _cSITPL | ||
| 082 | _a302 MCG 2014 A115 Or. | ||
| 100 | 1 | _aFloyd, Kory, | |
| 245 | 1 | 0 | _aCommunication matters / |
| 250 | _a2nd ed. | ||
| 260 |
_aNew York : _bMcGraw-Hill, _cc2014. |
||
| 300 |
_axxx, 381, [63] p. : _bcol. ill. ; _c28 cm. |
||
| 650 | 0 | _aCommunication. | |
| 650 | 0 | _aInterpersonal communication. | |
| 942 | _cAEDBB | ||
| 999 |
_c17487 _d17487 |
||